000 01962cam a22004814i 4500
003 PE-LiUPU
005 20250731180128.0
008 150625s r 000 0 d
035 _a(Sirsi) a34143
040 _aPE-LiUPU
_bspa
_cPE-LiUPU
_erda
082 0 4 _a515
_bR47
_221
100 1 _aPastor Rey, Julio,
_eautor.
245 1 0 _aAnálisis Matemático /
_cJulio Pastor Rey.
264 1 _aBuenos Aires :
_bKapelusz,
_c1963.
300 _a836 páginas :
_bilustraciones ;
_c23.5 cm.
336 _atext
_2rdacontent
337 _aunmediated
_2rdamedia
338 _avolume
_2rdacarrier
505 0 _aFundamentación del número racional. -El número real y el númeroi complejo. -Combinatoria, Algebra lineal. -Algoritmo algebráico. -El límite aritmético. -Las funciones reales y la continuidad. -Las funciones trascendentes elementales. -Funciones derivables. -Teoremas del valor medio y consecuencias. -Formula de Taylor, Ecuaciones Algebráicas. -Series de potencias. -Interpolación y diferencias finitas. -El área y la integración. -Cálculo de primitivas y aplicaciones. -Aplicaciones Geómetricas y físicas. -Integración aproximada. -.
526 _aSEG44
526 _aSEG26
526 _aP159
526 _aP155
526 _aP154
526 _aP153
526 _aP150
526 _aP100
526 _aP31
526 _aP30
526 _aP26
526 _aP25
526 _aP24
526 _aP22
526 _aP15
526 _aP10
650 1 4 _aAnálisis matemático.
_95276
910 _a
942 _2ddc
_cBOOK
949 _a515 R47
_wDEWEY
_c1
_i36669
_lCCODEBUL1
_mBUL
_p00.00
_r0
_sY
_tBOOK
_u2015-06-25
_xBIBLIOTECA
_zUNKNOWN
_0COMPRA
_o.STAFF. Colección General
596 _a1
999 _a515 R47
_wDEWEY
_c41968
_i36669
_d41968
_e2018-6-6
_f2021-11-9
_g7
_lCCODEBUL1
_mBUL
_n4
_q2
_r0
_sY
_tBOOK
_u2015-6-25
_xINGENIERIA
_zUNKNOWN
_0COMPRA
_o.STAFF. Colección General
980 _81
_gALBERTO SANCHEZ Responsable de Automatización